Statistics for United States Immigration- Top 5 Countries per Continent

Click here to take the quiz!

General Stats

  • This quiz has been taken 88 times
  • The average score is 26 of 30

Answer Stats

HintAnswer% Correct
South AmericaBrazil
97%
AsiaChina
97%
North AmericaMexico
97%
South AmericaColombia
96%
OceaniaAustralia
94%
North AmericaCuba
94%
AsiaIndia
94%
South AmericaPeru
94%
EuropeUnited Kingdom
94%
South AmericaVenezuela
94%
EuropeGermany
92%
OceaniaNew Zealand
92%
EuropeRussia
92%
North AmericaDominican Republic
88%
South AmericaEcuador
88%
AfricaEgypt
88%
AfricaNigeria
88%
AsiaSouth Korea
87%
AsiaVietnam
87%
North AmericaJamaica
85%
AsiaPhilippines
85%
EuropePoland
85%
OceaniaFiji
83%
OceaniaPapua New Guinea
83%
AfricaEthiopia
82%
AfricaKenya
81%
North AmericaEl Salvador
78%
EuropeUkraine
78%
OceaniaTonga
76%
AfricaGhana
65%

Score Distribution

Percentile by Number Answered

Percent of People with Each Score

Your Score History

You have not taken this quiz